[Event "FRA-chT Top 12 (Women) GpB"]
[Site "Mulhouse"]
[Date "2022.04.09"]
[Round "4.1"]
[White "Afraoui, Anaelle"]
[Black "Girod, Sarah"]
[Result "1-0"]
[WhiteElo "2108"]
[BlackElo "1507"]
[PlyCount "101"]
[EventDate "2022.04.07"]
[EventType "team-tourn"]
[EventRounds "5"]
[EventCountry "FRA"]
[SourceTitle "CBM 207 Extra"]
[Source "ChessBase"]
[SourceDate "2022.05.31"]
[SourceVersion "1"]
[SourceVersionDate "2022.05.31"]
[SourceQuality "1"]
[WhiteTeam "Clichy Echecs 92 (W)"]
[BlackTeam "Domloupeen (W)"]
[WhiteTeamCountry "FRA"]
[BlackTeamCountry "FRA"]

1. e4 e6 2. d4 d5 3. Nc3 dxe4 4. Nxe4 Bd7 5. Nf3 Bc6 6. Bd3 Nf6 7. Ng3 Bxf3 8. Qxf3 c6 9. c3 Nbd7 10. 0-0 Be7 11. Rd1 0-0 12. b3 Qc7 13. c4 c5 14. Bf4 Bd6 15. Bxd6 Qxd6 16. dxc5 Qc6 17. Ne4 Rac8 18. Nxf6+ Nxf6 19. Qxc6 Rxc6 20. b4 g6 21. Be2 Rc7 22. Bf3 Nd7 23. Rd6 Ne5 24. Be2 Nc6 25. Rb1 Rfc8 26. f4 a5 27. a3 axb4 28. axb4 Ne7 29. Rbd1 Nf5 30. Rd8+ Rxd8 31. Rxd8+ Kg7 32. Kf2 Ne7 33. Bf3 Nc6 34. Bxc6 bxc6 35. Rd3 Kf6 36. Ke3 e5 37. fxe5+ Kxe5 38. Rd8 f5 39. Re8+ Kf6 40. Kd4 Rd7+ 41. Kc3 Rc7 42. Kb3 g5 43. Re2 f4 44. Rc2 Kf5 45. b5 cxb5 46. cxb5 g4 47. c6 f3 48. gxf3 gxf3 49. b6 Re7 50. c7 Re3+ 51. Kb2 1-0

[Event "FRA-chT Top 12 (Women) GpB"]
[Site "Mulhouse"]
[Date "2022.04.09"]
[Round "3.1"]
[White "Girod, Sarah"]
[Black "Strasser, Arevik"]
[Result "0-1"]
[WhiteElo "1507"]
[BlackElo "1543"]
[PlyCount "102"]
[EventDate "2022.04.07"]
[EventType "team-tourn"]
[EventRounds "5"]
[EventCountry "FRA"]
[SourceTitle "CBM 207 Extra"]
[Source "ChessBase"]
[SourceDate "2022.05.31"]
[SourceVersion "1"]
[SourceVersionDate "2022.05.31"]
[SourceQuality "1"]
[WhiteTeam "Domloupeen (W)"]
[BlackTeam "Asnieres (W)"]
[WhiteTeamCountry "FRA"]
[BlackTeamCountry "FRA"]

1. e4 e5 2. Nf3 Nc6 3. d4 exd4 4. Bc4 Nf6 5. e5 d5 6. Bb5 Ne4 7. Nxd4 Bd7 8. f3 Qh4+ 9. g3 Nxg3 10. hxg3 Qxh1+ 11. Bf1 Nxd4 12. Qxd4 Qxf3 13. Bf4 Qe4+ 14. Qxe4 dxe4 15. Nd2 Bf5 16. Bb5+ c6 17. Bc4 Bc5 18. 0-0-0 Bf2 19. Nf1 0-0 20. Rd2 Bb6 21. Re2 Rad8 22. Nd2 Rd7 23. Nxe4 Bxe4 24. Rxe4 Rd4 25. Rxd4 Bxd4 26. c3 Bf2 27. Kd2 Re8 28. Ke2 Bb6 29. Kf3 h6 30. g4 Kf8 31. Ke4 Bc7 32. Kf5 g6+ 33. Ke4 g5 34. Bg3 f6 35. Bf2 Bxe5 36. Kd3 Rd8+ 37. Kc2 b6 38. Be6 Bf4 39. Bg1 Kg7 40. Bf5 Rd5 41. Be4 Rd2+ 42. Kb3 c5 43. Ka3 Rd1 44. Bf2 Rf1 45. Bxc5 bxc5 46. b3 Re1 47. Bf5 Re5 48. Ka4 Rxf5 49. gxf5 h5 50. Kb5 h4 51. Kxc5 h3 0-1

[Event "FRA-chT Top 12 (Women) GpB"]
[Site "Mulhouse"]
[Date "2022.04.08"]
[Round "2.1"]
[White "Girod, Sarah"]
[Black "Maisuradze, Nino"]
[Result "0-1"]
[WhiteElo "1507"]
[BlackElo "2202"]
[PlyCount "66"]
[EventDate "2022.04.07"]
[EventType "team-tourn"]
[EventRounds "5"]
[EventCountry "FRA"]
[SourceTitle "CBM 207 Extra"]
[Source "ChessBase"]
[SourceDate "2022.05.31"]
[SourceVersion "1"]
[SourceVersionDate "2022.05.31"]
[SourceQuality "1"]
[WhiteTeam "Domloupeen (W)"]
[BlackTeam "Bischwiller (W)"]
[WhiteTeamCountry "FRA"]
[BlackTeamCountry "FRA"]

1. e4 c5 2. Nc3 Nc6 3. Bb5 Nd4 4. Bc4 a6 5. d3 b5 6. Bb3 e6 7. Nf3 Nxb3 8. axb3 Bb7 9. e5 d6 10. 0-0 dxe5 11. Nxe5 Bd6 12. Re1 Nf6 13. Ng4 Qc7 14. Ne4 Nxe4 15. dxe4 h5 16. e5 Be7 17. Ne3 Rd8 18. Bd2 Qxe5 19. Bc3 Qg5 20. Qe2 0-0 21. f3 Bd6 22. Nf1 h4 23. h3 Rd7 24. Be5 Bxf3 25. Qxf3 Bxe5 26. Rxa6 Bxb2 27. Ra5 Bd4+ 28. Kh1 b4 29. Re4 Rd5 30. Rg4 Qc1 31. Rxh4 Rf5 32. Qe4 Qxf1+ 33. Kh2 Be5+ 0-1